000 00893nam a2200265Ia 4500
003 OSt
005 20220923211239.0
006 a|||||r|||| 00| 0
007 ta
008 220922b |||||||| |||| 00| 0 hin d
020 _a9788174541952 (hbk)
_c850
024 _a261,346
037 _b243, 01/10/2011, Eastern Book Linkers
_cTextual
040 _aARTS
_cARTS
_bhin
041 _2hin
_ahin
082 _aQ2:42, 152Q1
100 _aराजपूत, नवीन
245 0 _aसंस्कार एवं ज्योतिष
246 _aSanskār evan jyotiṣha
260 _aदिल्ली
_b ईस्टर्न बुक लिंकर्स
_c2011
300 _a406पृ.
_ccm.
650 _aधर्म
942 _hQ2:42, 152Q1
_cTEXL
_2CC
999 _c297598
_d297598